000 00507nab a2200145Ia 4500
003 ES-SlBCS
005 20210601142908.0
008 140529s2002 xxu||||| |||| 00| 0 spa d
041 _aspa
100 1 _aGarcía Torres, Rafael
_971962
245 0 0 _aConstitución escrita vs constitución orgánica: dos nociones de la Filosofía política de Laureano Vallenilla Lanz
_c Rafael García Torres
650 0 4 _aConstitución Escrita
_9278616
773 0 _tIter
_gnº. 28, 2002, págs. 49-62
_wRev385
942 _cAR
999 _c683766
_d683766